000 00649nam a2200193 i 4500
001 27695
003 ES-MaACL
005 20230906153704.0
007 t|
008 030115s1931 uy ||||1| spa d
100 1 _aArbo, Higinio.
_922401
245 1 3 _aLa cuestión del Chaco Boreal
_b: conferencia pronunciada por el Ministro del Paraguay en el Uruguay /
_cHiginio Arbo.
260 _aMontevideo :
_bClaudio García,
_c1931.
300 _a63 p. ;
_c25 cm.
651 4 _aChaco Boreal-
_xHistoria.
_9152859
651 4 _aParaguay-
_xFronteras-
_zBolivia.
_9152860
651 4 _aBolivia-
_xFronteras-
_zParaguay.
_9152861
852 _aES-MaACL
_j1770-F-6
999 _c27695
_d27695